[Event "Bayern-chTT (RL Nord-Ost)"]
[Site "Bayern 2008/09"]
[Date "2008.12.14"]
[Round "4.4"]
[White "Laubert, Johannes"]
[Black "Berreth, Marc"]
[Result "1-0"]
[WhiteElo "2067"]
[BlackElo "2013"]
[PlyCount "59"]
[EventDate "2009.03.??"]
[EventType "team-tourn"]
[EventRounds "9"]
[WhiteTeam "Windischeschenbach 1"]
[BlackTeam "Forchheim 2"]

1. e4 e6 2. d4 d5 3. Nd2 Nf6 4. e5 Nfd7 5. c3 c5 6. Bd3 cxd4 7. cxd4 Nc6 8. Ne2
f6 9. exf6 Nxf6 10. Nf3 Bd6 11. O-O O-O 12. Bg5 Qc7 13. Bh4 Ne4 14. Nc3 Nxc3
15. bxc3 e5 16. Qb3 Rxf3 17. gxf3 Qf7 18. Bg3 Be6 19. Rfe1 e4 20. Bxd6 exd3 21.
Qd1 Qg6+ 22. Bg3 Bh3 23. Kh1 h5 24. Rg1 Qf5 25. Be5 g5 26. Rg3 Rf8 27. Qd2 g4
28. Re1 h4 29. fxg4 Bxg4 30. Rxg4+ 1-0

[Event "Bayern-chTT (RL Nord-Ost)"]
[Site "Bayern 2008/09"]
[Date "2008.12.14"]
[Round "4.5"]
[White "Schulze, Harald(61)"]
[Black "Kaeck, Ralf"]
[Result "0-1"]
[WhiteElo "2108"]
[BlackElo "1987"]
[PlyCount "90"]
[EventDate "2009.03.??"]
[EventType "team-tourn"]
[EventRounds "9"]
[WhiteTeam "Forchheim 2"]
[BlackTeam "Windischeschenbach 1"]

1. b4 c6 2. Bb2 a5 3. bxa5 Qxa5 4. c4 e5 5. e3 d6 6. Nf3 Nd7 7. Be2 Ngf6 8. O-O
Be7 9. d4 exd4 10. exd4 d5 11. c5 O-O 12. Nbd2 Re8 13. Re1 Nf8 14. Qc2 g6 15.
Bd3 Nh5 16. g3 Ng7 17. Bc3 Qc7 18. Qb2 h5 19. Ne5 Nf5 20. Nb3 Nh7 21. Re2 Kg7
22. Nf3 h4 23. Rf1 hxg3 24. fxg3 Rh8 25. Qd2 Nf6 26. Ba5 Qd7 27. Bxf5 gxf5 28.
Qf4 Ne4 29. Be1 b6 30. Rg2 Ba6 31. Ne5 Qe6 32. Rf3 f6 33. g4 fxe5 34. gxf5+ Kf8
35. dxe5 Qh6 36. Qg4 Be2 37. f6 Bxf3 38. Qxf3 Bxc5+ 39. Nxc5 bxc5 40. h4 Qc1
41. Qf1 Qe3+ 42. Kh2 Ng5 43. Bg3 Rxh4+ 44. Bxh4 Qh3+ 45. Kg1 Nf3+ 0-1

[Event "Bayern-chTT (RL Nord-Ost)"]
[Site "Bayern 2008/09"]
[Date "2008.12.14"]
[Round "4.6"]
[White "Zimmermann, Andre(85)"]
[Black "Haubold, Martin(77)"]
[Result "0-1"]
[WhiteElo "1972"]
[BlackElo "1895"]
[PlyCount "48"]
[EventDate "2009.03.??"]
[EventType "team-tourn"]
[EventRounds "9"]
[WhiteTeam "Windischeschenbach 1"]
[BlackTeam "Forchheim 2"]

1. d4 Nf6 2. Nf3 d5 3. c4 e6 4. Nc3 Be7 5. Bg5 Nbd7 6. e3 O-O 7. Qc2 a6 8. cxd5
exd5 9. Bd3 c6 10. O-O Re8 11. Ne5 Nf8 12. Kh1 Ne4 13. Bxe7 Qxe7 14. Nxe4 dxe4
15. Bxe4 f6 16. Bxc6 bxc6 17. Nxc6 Qf7 18. b4 Bb7 19. e4 Qe6 20. Rac1 Bxc6 21.
Qxc6 Qxc6 22. Rxc6 Rxe4 23. Rd1 Rd8 24. d5 Rxd5 0-1

[Event "Bayern-chTT (RL Nord-Ost)"]
[Site "Bayern 2008/09"]
[Date "2008.12.14"]
[Round "4.7"]
[White "Walter, Eugen(58)"]
[Black "Steimar, Miroslav"]
[Result "1/2-1/2"]
[WhiteElo "1907"]
[BlackElo "1954"]
[PlyCount "84"]
[EventDate "2009.03.??"]
[EventType "team-tourn"]
[EventRounds "9"]
[WhiteTeam "Forchheim 2"]
[BlackTeam "Windischeschenbach 1"]

1. Nf3 g6 2. g3 Bg7 3. Bg2 d5 4. c4 d4 5. d3 c6 6. b4 e5 7. Bb2 Qe7 8. Qb3 Nh6
9. Nbd2 O-O 10. O-O Be6 11. a4 Nd7 12. Ba3 Rac8 13. Qc2 f5 14. Nb3 b6 15. Nfd2
Qf7 16. Bb2 Ng4 17. h3 Nh6 18. f4 c5 19. bxc5 bxc5 20. Nf3 Kh8 21. Rab1 Qe8 22.
Ng5 exf4 23. gxf4 Bg8 24. a5 Qe3+ 25. Rf2 Qe7 26. a6 Bf6 27. Nf3 Qd6 28. Ra1
Nf7 29. Bc1 Rfe8 30. Ra5 Bd8 31. Ra1 Bf6 32. Qa2 Re6 33. Qa4 Qe7 34. Bd2 Nb6
35. Qb5 Nd6 36. Qa5 Rxe2 37. Rxe2 Qxe2 38. Nxc5 Ndxc4 39. dxc4 Nxc4 40. Qb5 Qe7
41. Bb4 Qe3+ 42. Kh1 Qxf4 1/2-1/2

[Event "Bayern-chTT (RL Nord-Ost)"]
[Site "Bayern 2008/09"]
[Date "2008.12.14"]
[Round "4.8"]
[White "Schoen, Rudolf"]
[Black "Killmann, Martin"]
[Result "1-0"]
[WhiteElo "1921"]
[BlackElo "1632"]
[PlyCount "73"]
[EventDate "2009.03.??"]
[EventType "team-tourn"]
[EventRounds "9"]
[WhiteTeam "Windischeschenbach 1"]
[BlackTeam "Forchheim 2"]

1. e4 d5 2. exd5 Nf6 3. d4 Bg4 4. f3 Bf5 5. Bb5+ Nbd7 6. Nc3 a6 7. Bd3 Bxd3 8.
Qxd3 Nb6 9. Nge2 Nbxd5 10. Nxd5 Qxd5 11. O-O e6 12. Nc3 Qd7 13. Be3 Be7 14. Ne4
O-O 15. Rad1 Rfd8 16. c4 c5 17. Qe2 cxd4 18. Rxd4 Qc7 19. Rfd1 Nxe4 20. Rxe4
Bf6 21. b4 Rxd1+ 22. Qxd1 Rd8 23. Qe2 Qd6 24. b5 Qd1+ 25. Kf2 Bc3 26. bxa6 bxa6
27. c5 a5 28. Qxd1 Rxd1 29. c6 Rd8 30. Bb6 Rc8 31. Rc4 Bb4 32. c7 f6 33. Ke2
Kf7 34. Rd4 Bc5 35. Rd8 Bxb6 36. Rxc8 Ke7 37. Re8+ 1-0

[Event "Bayern-chTT (RL Nord-Ost)"]
[Site "Bayern 2008/09"]
[Date "2008.12.14"]
[Round "4.1"]
[White "Lutz, Dieter"]
[Black "Palek, Miroslav"]
[Result "1/2-1/2"]
[WhiteElo "2274"]
[BlackElo "2133"]
[PlyCount "82"]
[EventDate "2009.03.??"]
[EventType "team-tourn"]
[EventRounds "9"]
[WhiteTeam "Bechhofen 1"]
[BlackTeam "Dietfurt 1"]

1. e4 c5 2. Nf3 Nc6 3. Bb5 Qb6 4. Nc3 e6 5. O-O Nd4 6. Bc4 Ne7 7. d3 Ng6 8.
Nxd4 cxd4 9. Ne2 Be7 10. Bb3 O-O 11. c3 dxc3 12. Be3 Qa5 13. Nxc3 b5 14. Qd2
Kh8 15. Rac1 Bb7 16. f3 Rac8 17. d4 b4 18. Ne2 d5 19. e5 Ba6 20. Rfe1 Qb5 21.
Rxc8 Rxc8 22. Nc1 Nf8 23. Bc2 Nd7 24. Bb1 Qb6 25. b3 Bb5 26. f4 f5 27. Ne2 a5
28. g4 g6 29. Ng3 a4 30. Rc1 Rc6 31. gxf5 gxf5 32. Rxc6 Qxc6 33. Qc2 Qxc2 34.
Bxc2 axb3 35. axb3 Nb8 36. Bc1 Nc6 37. Bb2 Kg7 38. Kf2 Kg6 39. Ke3 Bd8 40. Bd1
Kg7 41. Bf3 Kf8 1/2-1/2

[Event "Bayern-chTT (RL Nord-Ost)"]
[Site "Bayern 2008/09"]
[Date "2008.12.14"]
[Round "4.2"]
[White "Blodig, Reinhard"]
[Black "Alsheimer, Christoph"]
[Result "1/2-1/2"]
[WhiteElo "2067"]
[BlackElo "2224"]
[PlyCount "114"]
[EventDate "2009.03.??"]
[EventType "team-tourn"]
[EventRounds "9"]
[WhiteTeam "Dietfurt 1"]
[BlackTeam "Bechhofen 1"]

1. g3 e5 2. c4 Nf6 3. Bg2 d5 4. cxd5 Nxd5 5. Nc3 Nb6 6. d3 Be7 7. Nf3 Nc6 8.
O-O O-O 9. Be3 f5 10. Rc1 Bf6 11. Nd2 Nd4 12. Nb3 c6 13. Nc5 Qe8 14. b4 Rb8 15.
f4 Be6 16. Qd2 e4 17. Kh1 exd3 18. exd3 Qf7 19. Qf2 Rbd8 20. Rfe1 Bc8 21. a4
Rfe8 22. b5 Nb3 23. Nxb3 Qxb3 24. Bd2 Rxe1+ 25. Qxe1 cxb5 26. Nxb5 Qxa4 27. Rb1
Qa2 28. Ba5 Bd7 29. Nxa7 Re8 30. Qb4 Nd5 31. Qxb7 Ne3 32. Bf3 Qf2 33. Bb6 Be6
34. Qc6 Bf7 35. Nb5 Re6 36. Qc8+ Re8 37. Qb7 Re7 38. Nc7 h5 39. Bxe3 Qxe3 40.
Bg2 Qxd3 41. Qb5 Qc3 42. Na6 Re1+ 43. Rxe1 Qxe1+ 44. Qf1 Qc3 45. Nb8 Be8 46.
Qb1 g6 47. Nc6 Bxc6 48. Qb8+ Kg7 49. Qc7+ Kh6 50. Bxc6 Qe1+ 51. Kg2 Qe2+ 52.
Kh3 Qf1+ 53. Bg2 Qd1 54. Bb7 h4 55. Qc6 Qg4+ 56. Kg2 h3+ 57. Kf2 Qd1 1/2-1/2

[Event "Bayern-chTT (RL Nord-Ost)"]
[Site "Bayern 2008/09"]
[Date "2008.12.14"]
[Round "4.3"]
[White "Kurz, Christian"]
[Black "Palkova, Katerina"]
[Result "0-1"]
[WhiteElo "2074"]
[BlackElo "2036"]
[PlyCount "114"]
[EventDate "2009.03.??"]
[EventType "team-tourn"]
[EventRounds "9"]
[WhiteTeam "Bechhofen 1"]
[BlackTeam "Dietfurt 1"]

1. Nf3 Nf6 2. d4 e6 3. c4 Bb4+ 4. Bd2 Bxd2+ 5. Nbxd2 c5 6. e3 Qe7 7. Bd3 b6 8.
O-O Bb7 9. e4 d6 10. e5 Nfd7 11. Ne4 dxe5 12. dxe5 O-O 13. Qe2 Nc6 14. Neg5 g6
15. h4 Rad8 16. Rad1 h6 17. Nh3 Nb4 18. Be4 Bxe4 19. Qxe4 Nb8 20. a3 N4c6 21.
h5 Kg7 22. Qg4 Rxd1 23. Rxd1 Rd8 24. Re1 Nd4 25. Nh4 Nf5 26. Nxf5+ exf5 27. Qf3
Rd4 28. e6 Re4 29. Rxe4 fxe4 30. Qxe4 Qxe6 31. Qxe6 fxe6 32. Nf4 gxh5 33. Nxe6+
Kf6 34. Nc7 Ke5 35. Nd5 Nc6 36. b4 Kd4 37. bxc5 Kxc5 38. Ne3 Ne5 39. f4 Nxc4
40. Nf5 Nxa3 41. Kf2 Nc4 42. Ke2 a5 43. Kd3 b5 44. Nd4 a4 45. f5 Ne5+ 46. Ke4
Nd7 47. Kd3 b4 48. Ne6+ Kd5 49. Nc7+ Ke5 50. Na6 b3 51. f6 Kxf6 52. Kc3 Kf5 53.
Nb4 Kg4 54. Nd3 Kg3 55. Kb2 h4 56. Ka3 Nb6 57. Ne1 Nc4+ 0-1

[Event "Bayern-chTT (RL Nord-Ost)"]
[Site "Bayern 2008/09"]
[Date "2008.12.14"]
[Round "4.4"]
[White "Blodig, Stefan"]
[Black "Ponnath, Lorenz"]
[Result "1-0"]
[WhiteElo "2005"]
[BlackElo "1967"]
[PlyCount "101"]
[EventDate "2009.03.??"]
[EventType "team-tourn"]
[EventRounds "9"]
[WhiteTeam "Dietfurt 1"]
[BlackTeam "Bechhofen 1"]

1. e4 e6 2. d4 d5 3. e5 c5 4. c3 Nc6 5. Nf3 Bd7 6. Be2 Qb6 7. a3 Rc8 8. O-O
cxd4 9. cxd4 g5 10. Nc3 g4 11. Na4 gxf3 12. Nxb6 fxe2 13. Qxe2 axb6 14. Qb5
Nxe5 15. Qxb6 Nc4 16. Qxb7 Bd6 17. Bg5 Ne7 18. Qb3 Rg8 19. Bxe7 Kxe7 20. Qh3
Bf4 21. b4 Rg6 22. Qd3 Nd6 23. a4 Ne4 24. Ra3 Rcg8 25. g3 h5 26. b5 h4 27. Kg2
Bd6 28. Rb3 f5 29. f4 hxg3 30. hxg3 Rh6 31. Rb2 Rgh8 32. Kf3 Nxg3 33. Rg2 Ne4
34. Ke2 Be8 35. Qc2 Rh2 36. Kd1 Nc3+ 37. Ke1 R2h3 38. Rg7+ Kf6 39. Qg2 Ne4 40.
Rg1 Bb4+ 41. Kd1 Rh1 42. Rg8 Bh5+ 43. Kc2 Rxg8 44. Qxg8 Rxg1 45. Qxg1 Ba5 46.
Qg8 Bf7 47. Qb8 Nd2 48. b6 Nf3 49. Kb2 Kg6 50. b7 Nxd4 51. Qc8 1-0

[Event "Bayern-chTT (RL Nord-Ost)"]
[Site "Bayern 2008/09"]
[Date "2008.12.14"]
[Round "4.5"]
[White "Boese, Klaus(63)"]
[Black "Bader, Dominic"]
[Result "0-1"]
[WhiteElo "1953"]
[BlackElo "1936"]
[PlyCount "120"]
[EventDate "2009.03.??"]
[EventType "team-tourn"]
[EventRounds "9"]
[WhiteTeam "Bechhofen 1"]
[BlackTeam "Dietfurt 1"]

1. Nf3 Nf6 2. d4 g6 3. Bf4 Bg7 4. e3 O-O 5. h3 b6 6. Bc4 d5 7. Bd3 c5 8. c3 Nc6
9. O-O Nd7 10. a4 e5 11. Bb5 Bb7 12. Bg5 f6 13. dxe5 Ndxe5 14. Nxe5 Nxe5 15.
Bf4 c4 16. Bxe5 fxe5 17. a5 a6 18. Ba4 b5 19. Bc2 Qg5 20. Qg4 Qxg4 21. hxg4 d4
22. Bd1 dxe3 23. f3 Rad8 24. Re1 e4 25. Na3 exf3 26. gxf3 Bxf3 27. Bxf3 Rxf3
28. Nc2 Rd2 29. Nxe3 Bh6 30. Nf1 Rxb2 31. Rad1 Rd3 32. Re8+ Kf7 33. Rde1 Bg5
34. Ra8 Rd6 35. Ra7+ Kf6 36. Ng3 Bf4 37. Ne4+ Ke5 38. Nxd6+ Kxd6 39. Rxa6+ Kc5
40. Ra8 Bd2 41. Re5+ Kd6 42. Rxb5 Rxb5 43. Rd8+ Kc6 44. Rxd2 Rxa5 45. Rd4 Kb5
46. Rd8 Ra3 47. Rb8+ Kc6 48. Rc8+ Kd5 49. Rh8 Rxc3 50. Kh2 Ke4 51. Rxh7 Kf4 52.
Kg2 Kxg4 53. Kf2 Rf3+ 54. Kg2 Rd3 55. Kf2 g5 56. Rc7 Rd4 57. Rc8 Kf4 58. Rf8+
Ke4 59. Re8+ Kd3 60. Ke1 Re4+ 0-1

[Event "Bayern-chTT (RL Nord-Ost)"]
[Site "Bayern 2008/09"]
[Date "2008.12.14"]
[Round "4.6"]
[White "Blodig, Carolin"]
[Black "Kaiser, Harald(66)"]
[Result "1-0"]
[WhiteElo "1915"]
[BlackElo "1978"]
[PlyCount "111"]
[EventDate "2009.03.??"]
[EventType "team-tourn"]
[EventRounds "9"]
[WhiteTeam "Dietfurt 1"]
[BlackTeam "Bechhofen 1"]

1. e4 d6 2. d4 Nf6 3. Nc3 e5 4. Nf3 Nbd7 5. Bc4 Be7 6. Ng5 O-O 7. Bxf7+ Rxf7 8.
Ne6 Qe8 9. Nxc7 Qd8 10. Nxa8 b6 11. O-O Ba6 12. Re1 Qxa8 13. Be3 Nxe4 14. Nxe4
Qxe4 15. dxe5 Nxe5 16. Bxb6 Qg6 17. Qd5 Bc4 18. Qe4 Nf3+ 19. Kh1 Qh5 20. h3 d5
21. Qe6 Nxe1 22. Bd8 Bxd8 23. Qe8+ Rf8 24. Qxh5 Nxc2 25. Rc1 Nb4 26. b3 Nxa2
27. bxc4 Nxc1 28. Qxd5+ Kh8 29. Qd2 Nb3 30. Qb4 Rxf2 31. Qxb3 Rf1+ 32. Kh2 Bc7+
33. g3 Rf2+ 34. Kh1 Bb6 35. Qd3 h6 36. Qd1 Kg8 37. Qd5+ Kh7 38. c5 Bc7 39. Qe4+
Kh8 40. Kg1 Rf6 41. Kg2 Kg8 42. Qa8+ Rf8 43. Qxa7 Rf7 44. Qa8+ Rf8 45. Qd5+ Rf7
46. Qe6 Bd8 47. c6 Kf8 48. h4 Re7 49. Qd5 Bc7 50. g4 Bb6 51. g5 hxg5 52. hxg5
Bc7 53. g6 Bb6 54. Qf5+ Ke8 55. Qc8+ Bd8 56. Qh3 1-0

[Event "Bayern-chTT (RL Nord-Ost)"]
[Site "Bayern 2008/09"]
[Date "2008.12.14"]
[Round "4.7"]
[White "Wind, Patrick"]
[Black "Bothe, Matthias"]
[Result "1-0"]
[WhiteElo "1907"]
[BlackElo "1840"]
[PlyCount "79"]
[EventDate "2009.03.??"]
[EventType "team-tourn"]
[EventRounds "9"]
[WhiteTeam "Bechhofen 1"]
[BlackTeam "Dietfurt 1"]

1. c4 c5 2. g3 g6 3. Bg2 Bg7 4. Nc3 Nc6 5. a3 Nf6 6. Rb1 a5 7. e3 d6 8. Nge2
Bf5 9. e4 Bd7 10. O-O Qc8 11. Nf4 e6 12. Nb5 Qb8 13. b3 Nd4 14. Nxd4 cxd4 15.
d3 O-O 16. Bd2 e5 17. Ne2 Rc8 18. h3 b5 19. f4 Qa7 20. g4 bxc4 21. bxc4 Rab8
22. Qc2 Bc6 23. f5 Bxe4 24. Rxb8 Rxb8 25. fxg6 Bxg6 26. Bg5 Ne4 27. Bh4 Nc5 28.
Nc1 Qb6 29. Be1 a4 30. Bb4 Bh6 31. Bxc5 dxc5 32. Bd5 Bxc1 33. Qxc1 Kg7 34. h4
Qb2 35. Qg5 Rf8 36. h5 f6 37. h6+ Kh8 38. Rxf6 Qb1+ 39. Kh2 Qb8 40. Rxf8+ 1-0

[Event "Bayern-chTT (RL Nord-Ost)"]
[Site "Bayern 2008/09"]
[Date "2008.12.14"]
[Round "4.8"]
[White "Egert, Stefan"]
[Black "Lutz, Rainer Dr(81)"]
[Result "1/2-1/2"]
[WhiteElo "1835"]
[BlackElo "1883"]
[PlyCount "126"]
[EventDate "2009.03.??"]
[EventType "team-tourn"]
[EventRounds "9"]
[WhiteTeam "Dietfurt 1"]
[BlackTeam "Bechhofen 1"]

1. e4 e6 2. d4 b6 3. Nf3 Bb7 4. Nc3 Bb4 5. e5 d5 6. a3 Be7 7. Be2 c5 8. O-O Nc6
9. Bf4 Rc8 10. Nb5 a6 11. Nd6+ Bxd6 12. exd6 Nf6 13. c4 cxd4 14. cxd5 Nxd5 15.
Bg3 O-O 16. Nxd4 Nxd4 17. Qxd4 b5 18. Rac1 Qd7 19. h3 f6 20. Bf3 Kh8 21. Bxd5
Bxd5 22. Rc7 Rxc7 23. dxc7 Qc6 24. Qb4 Kg8 25. Rd1 Kf7 26. Qd2 Rc8 27. Rc1 Qb7
28. Rc5 Ke7 29. Qb4 Ke8 30. Qg4 Kf7 31. Qd4 Ke7 32. Qd3 g6 33. Qd4 Kf7 34. Bh4
g5 35. Bg3 h5 36. h4 Kg6 37. hxg5 fxg5 38. Qd3+ Kh6 39. Qe3 b4 40. Bh4 Rxc7 41.
Qxg5+ Kh7 42. Qxh5+ Kg8 43. Rxc7 Qxc7 44. Qg6+ Qg7 45. Qxg7+ Kxg7 46. axb4 Kg6
47. Kh2 Kh5 48. Kg3 Kg6 49. f3 Kf5 50. Kf2 Ke5 51. Ke3 Bc4 52. g3 Bd5 53. Be7
Kf5 54. Bc5 Ke5 55. g4 Kf6 56. Kf4 Kf7 57. Bd4 Bc4 58. Ke3 Bb5 59. f4 Bc4 60.
f5 exf5 61. gxf5 Bb5 62. Kf4 Bd3 63. Ke5 Bb5 1/2-1/2

[Event "Bayern-chTT (RL Nord-Ost)"]
[Site "Bayern 2008/09"]
[Date "2008.12.14"]
[Round "4.1"]
[White "Klimpel, Thomas"]
[Black "Van Ginkel, Pieter"]
[Result "1/2-1/2"]
[WhiteElo "2059"]
[BlackElo "2221"]
[PlyCount "151"]
[EventDate "2009.03.??"]
[EventType "team-tourn"]
[EventRounds "9"]
[WhiteTeam "Kareth-Lappersdorf 1"]
[BlackTeam "Nürnberg-SW 1"]

1. d4 d5 2. Bf4 Nf6 3. e3 Bf5 4. c4 c6 5. Nd2 e6 6. Qb3 Qb6 7. c5 Qxb3 8. axb3
Nbd7 9. b4 Nh5 10. Ngf3 f6 11. Be2 Nxf4 12. exf4 Be7 13. O-O Kd8 14. Nb3 Kc7
15. b5 Bc2 16. Na5 Be4 17. Nd2 Bg6 18. b4 e5 19. fxe5 fxe5 20. dxe5 Nxe5 21. f4
Nd7 22. bxc6 bxc6 23. Ba6 Rhb8 24. Rae1 Bf8 25. Re6 Rxb4 26. Rxc6+ Kd8 27. Nb7+
Rxb7 28. Bxb7 Rb8 29. Ba6 Nxc5 30. f5 Be8 31. Rxc5 Bxc5+ 32. Kh1 Ke7 33. Nf3 h6
34. Re1+ Kf8 35. h3 Rb6 36. Bc8 Rd6 37. Ne5 d4 38. Be6 d3 39. Rd1 Bb5 40. Bc4
Bxc4 41. Nxc4 Rd5 42. g4 Ke7 43. Kg2 Kf6 44. Kf3 Rd4 45. Nd2 Bb6 46. Nb3 Rd8
47. h4 Ke5 48. Nd2 Kd4 49. Rc1 Re8 50. Nb3+ Kd5 51. g5 h5 52. Rd1 Kc4 53. Nd2+
Kd4 54. g6 a5 55. Rb1 Bd8 56. Rc1 Bb6 57. Rc6 Rb8 58. Rd6+ Kc3 59. Ne4+ Kc2 60.
Rc6+ Kb2 61. f6 gxf6 62. g7 Bd4 63. Rd6 f5 64. Rxd4 fxe4+ 65. Kxe4 Rg8 66. Kxd3
Rxg7 67. Rd5 Rg3+ 68. Kd2 a4 69. Rxh5 a3 70. Rb5+ Ka1 71. Kc1 Ka2 72. h5 Rh3
73. Kc2 Rh2+ 74. Kc1 Ka1 75. Rb1+ Ka2 76. Rb5 1/2-1/2

[Event "Bayern-chTT (RL Nord-Ost)"]
[Site "Bayern 2008/09"]
[Date "2008.12.14"]
[Round "4.3"]
[White "Appel, Helmut(75)"]
[Black "Stiller, Juergen"]
[Result "0-1"]
[WhiteElo "2161"]
[BlackElo "2164"]
[PlyCount "76"]
[EventDate "2009.03.??"]
[EventType "team-tourn"]
[EventRounds "9"]
[WhiteTeam "Kareth-Lappersdorf 1"]
[BlackTeam "Nürnberg-SW 1"]

1. e4 e6 2. d4 d5 3. e5 c5 4. c3 Nc6 5. Nf3 Nh6 6. Be3 Nf5 7. Qd2 cxd4 8. cxd4
f6 9. Nc3 fxe5 10. Nxe5 Nxe5 11. dxe5 Be7 12. Rd1 O-O 13. Bd3 Kh8 14. O-O Bd7
15. Bb1 Be8 16. Ne2 Qc7 17. Bxf5 Rxf5 18. Nd4 Qxe5 19. Nxf5 Qxf5 20. Rfe1 Bd6
21. Qc3 a5 22. Bd4 Qg6 23. Qh3 Bd7 24. Re3 h6 25. Qh4 Rf8 26. Rde1 Kh7 27. Be5
Bc5 28. Bd4 Bd6 29. Be5 Bc5 30. R3e2 Bb5 31. Rd2 Rf5 32. Bd4 Bd6 33. Qd8 e5 34.
Qxa5 Bc6 35. Bc5 d4 36. f3 e4 37. b4 exf3 38. a3 f2+ 0-1

[Event "Bayern-chTT (RL Nord-Ost)"]
[Site "Bayern 2008/09"]
[Date "2008.12.14"]
[Round "4.4"]
[White "Eiber, Manfred"]
[Black "Seidl, Juergen Dr(68)"]
[Result "1/2-1/2"]
[WhiteElo "2122"]
[BlackElo "2097"]
[PlyCount "136"]
[EventDate "2009.03.??"]
[EventType "team-tourn"]
[EventRounds "9"]
[WhiteTeam "Nürnberg-SW 1"]
[BlackTeam "Kareth-Lappersdorf 1"]

1. d4 Nf6 2. Bg5 c5 3. Bxf6 gxf6 4. d5 Qb6 5. Qc1 f5 6. g3 Bh6 7. e3 Bg7 8. c3
d6 9. Nd2 Nd7 10. Ne2 Ne5 11. Nf4 Bd7 12. Be2 Qc7 13. c4 O-O 14. Nh5 Bh8 15. h3
Rfc8 16. f4 Ng6 17. g4 e6 18. gxf5 exf5 19. Qc2 Re8 20. Nf1 b5 21. cxb5 Bxb5
22. Qxf5 Qa5+ 23. Kf2 Bxe2 24. Kxe2 Qb5+ 25. Kd1 Qxb2 26. Rb1 Qxa2 27. Rb7 Qa1+
28. Kc2 Qc3+ 29. Kd1 Rf8 30. Rg1 a5 31. Qb1 a4 32. f5 Qa1 33. Qxa1 Bxa1 34. Nd2
Rfb8 35. Rb1 Bh8 36. Kc2 a3 37. fxg6 hxg6 38. Nf4 a2 39. Rxb8+ Rxb8 40. Nb3
Rxb3 41. Kxb3 a1=Q 42. Rxa1 Bxa1 43. Kc4 Kg7 44. Kd3 Kf6 45. Ke4 Kg5 46. Kf3
Kh4 47. e4 Be5 48. Nd3 f6 49. Kg2 c4 50. Nb4 g5 51. Nc2 c3 52. Ne3 Bf4 53. Nf5+
Kh5 54. Nd4 g4 55. Nc2 Bd2 56. Kg3 gxh3 57. Kxh3 Kg5 58. Kg3 f5 59. Kf3 Kf6 60.
Nd4 Ke5 61. Nc6+ Kf6 62. Nd4 Bh6 63. Nc2 Ke5 64. exf5 Kxd5 65. f6 Kc4 66. Ke2
d5 67. f7 Bf8 68. Ne3+ Kd4 1/2-1/2

[Event "Bayern-chTT (RL Nord-Ost)"]
[Site "Bayern 2008/09"]
[Date "2008.12.14"]
[Round "4.5"]
[White "Strobel, Thomas(79)"]
[Black "Bunk, Karsten"]
[Result "1/2-1/2"]
[WhiteElo "2056"]
[BlackElo "2010"]
[PlyCount "49"]
[EventDate "2009.03.??"]
[EventType "team-tourn"]
[EventRounds "9"]
[WhiteTeam "Kareth-Lappersdorf 1"]
[BlackTeam "Nürnberg-SW 1"]

1. c4 Nf6 2. Nc3 d5 3. d4 g6 4. Nf3 Bg7 5. Bf4 O-O 6. e3 c5 7. dxc5 Qa5 8. Qd2
dxc4 9. Bxc4 Nc6 10. O-O Qxc5 11. Bb3 Rd8 12. Qe2 Bg4 13. Rac1 Qh5 14. Qc4 e6
15. Ng5 h6 16. Nge4 Nxe4 17. Qxe4 Bf5 18. Qf3 Bg4 19. Qe4 g5 20. Bg3 Bf5 21.
Qa4 a6 22. Bd1 g4 23. h3 Qg6 24. Bxg4 Bd3 25. Be2 1/2-1/2

[Event "Bayern-chTT (RL Nord-Ost)"]
[Site "Bayern 2008/09"]
[Date "2008.12.14"]
[Round "4.6"]
[White "Meulner, Klaus"]
[Black "Baumer, Andreas"]
[Result "0-1"]
[WhiteElo "2069"]
[BlackElo "1908"]
[PlyCount "92"]
[EventDate "2009.03.??"]
[EventType "team-tourn"]
[EventRounds "9"]
[WhiteTeam "Nürnberg-SW 1"]
[BlackTeam "Kareth-Lappersdorf 1"]

1. Nf3 Nf6 2. c4 g6 3. Nc3 Bg7 4. e4 d6 5. d4 O-O 6. Be2 Nbd7 7. Be3 e5 8. O-O
c6 9. dxe5 dxe5 10. Nd2 Qe7 11. a3 Rd8 12. Qa4 Nf8 13. Rfd1 Ne6 14. Nb3 Nd7 15.
Rd2 f5 16. f3 Re8 17. exf5 gxf5 18. c5 Kh8 19. Qc4 Nf6 20. Rad1 f4 21. Bf2 Ng5
22. h4 Nf7 23. Qb4 Nh6 24. Bd3 Nf5 25. Bxf5 Bxf5 26. Na5 Rab8 27. Nc4 Rg8 28.
Nd6 Be6 29. Nce4 Nd5 30. Rxd5 Bxd5 31. Ng5 Rgf8 32. Qa4 Bf6 33. Re1 Bxg5 34.
hxg5 Qxg5 35. Rxe5 Qg6 36. Re7 Rf6 37. Bd4 Rg8 38. Re2 Bxf3 39. Rd2 a6 40. Qb4
Bd5 41. Qc3 Rgf8 42. Qh3 Kg8 43. Bxf6 Rxf6 44. Qc8+ Rf8 45. Qh3 f3 46. g4 Rf4
0-1

[Event "Bayern-chTT (RL Nord-Ost)"]
[Site "Bayern 2008/09"]
[Date "2008.12.14"]
[Round "4.7"]
[White "Kues, Manuel"]
[Black "Redzepovic, Irfan"]
[Result "0-1"]
[WhiteElo "1836"]
[BlackElo "2092"]
[PlyCount "150"]
[EventDate "2009.03.??"]
[EventType "team-tourn"]
[EventRounds "9"]
[WhiteTeam "Kareth-Lappersdorf 1"]
[BlackTeam "Nürnberg-SW 1"]

1. e4 e5 2. Nf3 Nc6 3. Bc4 Nf6 4. Ng5 d5 5. exd5 Na5 6. Bb5+ c6 7. dxc6 bxc6 8.
Be2 h6 9. Nf3 e4 10. Ne5 Qd4 11. f4 Bc5 12. Rf1 Qd6 13. c3 Nb7 14. b4 Bb6 15.
a4 O-O 16. Na3 Nd5 17. Nac4 Qf6 18. g3 Bh3 19. a5 Bxf1 20. Bxf1 Bc7 21. Nd7 Qe7
22. Nxf8 Rxf8 23. Qc2 Bxf4 24. gxf4 Qh4+ 25. Kd1 Qf2 26. Qxe4 Qxf1+ 27. Kc2 Nf6
28. Qxc6 Nd8 29. Qc7 Ne6 30. Ne3 Qxc1+ 31. Kxc1 Nxc7 32. c4 Ne6 33. b5 Nxf4 34.
Kc2 Ne6 35. Nf5 Rd8 36. Ne7+ Kf8 37. Nc6 Nd4+ 38. Nxd4 Rxd4 39. Kc3 Rd8 40. d4
Ke7 41. b6 Kd6 42. Kb4 axb6 43. axb6 Kc6 44. d5+ Nxd5+ 45. cxd5+ Rxd5 46. Ra7
Rf5 47. b7 Rb5+ 48. Kc4 Rxb7 49. Ra6+ Kd7 50. Kd5 Ke7 51. Ke5 Rb5+ 52. Kf4 g6
53. h4 Rb4+ 54. Kg3 h5 55. Rc6 Rg4+ 56. Kh3 Re4 57. Kg3 Re6 58. Rc7+ Kf6 59.
Kf4 Ra6 60. Rc4 Ra1 61. Rc6+ Kg7 62. Kg3 Ra3+ 63. Kg2 Re3 64. Rb6 Re6 65. Rb7
Kf6 66. Kf3 Re7 67. Rb5 Re5 68. Rb7 Ke6 69. Rb6+ Kf5 70. Rb4 f6 71. Rf4+ Ke6
72. Ra4 g5 73. hxg5 fxg5 74. Ra6+ Kf5 75. Rh6 h4 0-1

[Event "Bayern-chTT (RL Nord-Ost)"]
[Site "Bayern 2008/09"]
[Date "2008.12.14"]
[Round "4.8"]
[White "Hirn, Erwin"]
[Black "Kappl, Peter"]
[Result "0-1"]
[WhiteElo "2012"]
[BlackElo "1919"]
[PlyCount "100"]
[EventDate "2009.03.??"]
[EventType "team-tourn"]
[EventRounds "9"]
[WhiteTeam "Nürnberg-SW 1"]
[BlackTeam "Kareth-Lappersdorf 1"]

1. d4 Nf6 2. c4 g6 3. Nc3 Bg7 4. e4 d6 5. Nf3 O-O 6. Be2 Nc6 7. d5 Nb8 8. O-O
e5 9. Bg5 h6 10. Bd2 Nbd7 11. b4 Ne8 12. Ne1 f5 13. f4 exf4 14. Rxf4 Ne5 15.
exf5 Bxf5 16. Rc1 Qe7 17. Na4 Nf6 18. Bc3 Rae8 19. Bd4 b6 20. h3 Kh7 21. Nc3
Rf7 22. a4 Ref8 23. a5 Ne8 24. axb6 axb6 25. Ra1 Qg5 26. Qc1 h5 27. Be3 Qe7 28.
Rf1 Qd7 29. Ra7 Bxh3 30. Rxf7 Rxf7 31. gxh3 Qxh3 32. Ng2 Nf3+ 33. Bxf3 Rxf3 34.
Ne2 Qg4 35. Bg5 Be5 36. Bf4 h4 37. Bxe5 dxe5 38. Ra2 h3 39. Nc3 hxg2 40. Rxg2
Qd4+ 41. Kh2 Qh4+ 42. Kg1 Qd4+ 43. Kh1 Qxc3 44. Rh2+ Kg8 45. Qb1 Ng7 46. c5 Nf5
47. d6 cxd6 48. Qa2+ Kg7 49. Qb1 Qe3 50. Qc2 Qe1+ 0-1

[Event "Bayern-chTT (RL Nord-Ost)"]
[Site "Bayern 2008/09"]
[Date "2009.01.18"]
[Round "5.1"]
[White "Albrecht, Hans(57)"]
[Black "Klimpel, Thomas"]
[Result "0-1"]
[WhiteElo "2091"]
[BlackElo "2032"]
[PlyCount "44"]
[EventDate "2009.03.??"]
[EventType "team-tourn"]
[EventRounds "9"]
[WhiteTeam "Altensittenbach 1"]
[BlackTeam "Kareth-Lappersdorf 1"]

1. e4 e5 2. Nf3 Nc6 3. Bb5 a6 4. Ba4 Nf6 5. Qe2 b5 6. Bb3 Be7 7. O-O O-O 8. c3
d5 9. exd5 Nxd5 10. Nxe5 Nxe5 11. Qxe5 Bb7 12. d4 Qd7 13. Bc2 f5 14. Qg3 Bd6
15. Qh3 Rae8 16. a4 Nf4 17. Bxf4 Bxf4 18. axb5 axb5 19. Qd3 Qd5 20. f3 Qd6 21.
h3 Be3+ 22. Kh1 Qg3 0-1